000 00613nam a2200217Ii 4500
003 JO-AjNU
008 230606s9999||||xx |||||||||||||| ||und||
020 _a0-8264-9235-5
040 _aJO-AjNU
_beng
_erda
_cJO-AjNU
041 _aeng
050 1 4 _aLC4599.G7.B76 2007
100 3 _aBrookes,Geoff,
_eauthor
_976
245 0 0 _aDyspraxia
250 _a2 ed
264 3 1 _aNew York:Continuum International Publishing Group,2007
300 _a182P
336 _atext
_btxt
_2rdacontent
337 _aunmediated
_bn
_2rdamedia
338 _avolume
_bnc
_2rdacarrier
650 4 _aDyslexia. Reading-Remedial teaching
_977
999 _aE42
_c42
_d42